LIBRARY & INFORMATION CENTRE, KCAET, TAVANUR

ONLINE PUBLIC ACCESS CATALOGUE (OPAC)

Improvement of roof water purification system (Record no. 15167)

MARC details
000 -LEADER
fixed length control field 00644nam a22001937a 4500
003 - CONTROL NUMBER IDENTIFIER
control field OSt
088 ## - REPORT NUMBER
Report number P 288
100 ## - MAIN ENTRY--AUTHOR NAME
Personal name ARJUN PRAKASH K. V
245 ## - TITLE STATEMENT
Title Improvement of roof water purification system
260 ## - PUBLICATION, DISTRIBUTION, ETC. (IMPRINT)
Place of publication Tavanur 2014
Name of publisher Department of Land and Water Resources & Conservation Engineering
300 ## - PHYSICAL DESCRIPTION
Number of Pages 50
500 ## - GENERAL NOTE
General note Improvement of roof water purification system
520 ## - SUMMARY, ETC.
Summary, etc Improvement of roof water purification system
700 ## - ADDED ENTRY--PERSONAL NAME
Personal name Athira T
700 ## - ADDED ENTRY--PERSONAL NAME
Personal name Dr. Sathian K. K (Guide)
856 ## - ELECTRONIC LOCATION AND ACCESS
Uniform Resource Identifier https://drive.google.com/open?id=1bKqnU8k-242UOJuYKaYJKQqH89unLDQb
942 ## - ADDED ENTRY ELEMENTS (KOHA)
Koha item type Project Report
Holdings
Home library Current library Shelving location Full call number Accession Number Koha item type
KAUAET KAUAET Reference 631.7 ARJ/IM P 288 Project Report
free website counter